000 01600nam0a2200409 4500
001 RU\NLR\bibl\1698074
005 20250616060633.0
010 _a978-5-89355-389-5
_910000
021 _aRU
_b2010-76164
_95073
035 _a(nilc)RSL-KNO-004742182
035 _a(NLR Aleph) 001689162
090 _a1149753
_c1149753
100 _a20101011d2010 |||y0rusy50 ca
101 1 _arus
102 _aRU
105 _ay |||||||||
200 1 _aХочу быть хорошим!
_eкак превратить "бесенка" в примерного ребенка за 1 неделю с помощью еды
_e[перевод с английского]
_fд-р Одри Рикер в соавторстве с Брайаном Кэбином
210 _aМосква
_cРидерз Дайджест
_cRODALE
_d2010
215 _a208 с.
_d25
300 _aНа обл. авт. не указан
320 _aАлф. указ.: с. 203-208
606 1 _aДети
_xПоведение
_xВлияние питания
_92612974
_3RU\NLR\auth\661549532
606 1 _aДети
_xВоспитание культуры питания
_92613391
_3RU\NLR\auth\661549949
686 _aР128.37я9
_2rubbk
686 _aЮ984.92,0
_2rubbk
686 _aР128.37
686 _aЧ313.54
686 _aЧ313.522.5
700 1 _aРикер
_bО.
_gОдри
_4070
701 1 _aКэбин
_bБ.
_gБрайан
_4070
801 0 _aRU
_bРГБ
_c20101011
_grcr
801 1 _aRU
_bРГБ
_c20101011
801 2 _aRU
_bNLR
_c20101111
_grcr
830 _aавт. по кн.
942 _cBOOK
980 _aNB